000 00445nam a22001457a 4500
082 _a004
100 _aAhmad, Mukhtar
245 _aDehazing Images for Better Visibility /
_cMukhtar Ahmad
260 _aIslamabad :
_bMCS - NUST,
_c2016.
300 _a56 p. ;
_c30cm.
650 _aComputer Software Engineering-MS-Thesis
_916105
700 _aDr. Naima Iltaf
_935038
942 _2ddc
_cTHE
999 _c541043
_d541043